000 00920nam a22001937a 4500
003 JO-AjAnu
005 20250308130932.0
008 250308b jo ||||| |||| 00| 0 ara d
040 _cJO-AjAnu
041 _hARA
100 _aملحم، عذراء يوسف عبد القادر
_eمعد
_966469
245 _aالطبيعة المتحرِّكة في شِعر ابْن درَّاج القسْطلي = Animated Nature In The Poetry of Ibn Darraj Al-Qastali
_c/ إعداد عذراء يوسف عبد القادر ملحم ؛ اشراف علي قاسم الخرابشة
260 _c2025
300 _a112 ورقة
500 _aرسالة جامعية، جامعة عجلون الوطنية/كلية الآداب، 2025
650 _vالشعر العربي-الاندلس-تاريخ ونقد-ابن دراج القسطلي
700 _aالخرابشة، علي قاسم
_eمشرف
_966053
942 _2lcc
_cTHS
_n0
999 _c33873
_d33873